000 00383nam a22001337a 4500
020 _a9781607093565
082 _a371.195 SAN
100 _aSandler, Michael R.
245 _aSocial entrepreneurship in education : private ventures for the public good
260 _aNew York
_bR&L Educations
_c2010
300 _axi, 161p. :
_e20 cm
650 _aPrivatization in education
942 _cBK
999 _c12840
_d12840